00328nam a2200121Ia 4500008004100000041000800041082001200049100001600061245004500077260004100122300003200163365001100195240624s9999 xx 000 0 und d aeng a920 SIN aSINGH DAMAN aSTRICTLY PERSONAL MANMOHAN AND GURSHARAN c2014aNew DelhibHarperCollins India aviii, : 452 : p. : cm. ; 22 cRSb25